000 00547nam a2200217Ia 4500
005 20241129115535.0
008 241129s9999||||xx |||||||||||||| ||und||
020 _a9781944660437
037 _aTB
040 _aSDCL
_beng
_cSDCL
041 _aeng
_2eng
084 _aB25 R4
_qSDCL
100 _aMiller Haynes
_9727697
245 0 _aLectures on algebraic topology
260 _aChennai
_bWorld Scientific
_c2024
300 _axi,392p.
365 _aINR
_b0
650 _aGift
942 _cTB
_hB25 R4
999 _c1230887
_d1230887